Virtue Ethics for Women 1250-1500
שמור ב:
| מחבר ראשי: | |
|---|---|
| מחבר תאגידי: | |
| מחברים אחרים: | |
| פורמט: | אלקטרוני ספר אלקטרוני |
| שפה: | אנגלית |
| יצא לאור: |
Dordrecht :
Springer Netherlands,
2011.
|
| סדרה: | The New Synthese Historical Library ;
69 |
| נושאים: | |
| גישה מקוונת: | http://dx.doi.org/10.1007/978-94-007-0529-6 |
| תגים: |
אין תגיות, היה/י הראשונ/ה לתייג את הרשומה!
|
MARC
| LEADER | 00000nam a22000005i 4500 | ||
|---|---|---|---|
| 001 | 0000055603 | ||
| 005 | 20171002052849.0 | ||
| 007 | cr nn 008mamaa | ||
| 008 | 110405s2011 ne | s |||| 0|eng d | ||
| 020 | |a 9789400705296 |9 978-94-007-0529-6 | ||
| 024 | 7 | |a 10.1007/978-94-007-0529-6 |2 doi | |
| 035 | |a 0000005689 | ||
| 035 | |a (DE-He213)978-94-007-0529-6 | ||
| 050 | 4 | |a B720-765 | |
| 072 | 7 | |a HPCB |2 bicssc | |
| 072 | 7 | |a PHI012000 |2 bisacsh | |
| 082 | 0 | 4 | |a 180 |2 23 |
| 100 | 1 | |a Green, Karen. | |
| 245 | 1 | 0 | |a Virtue Ethics for Women 1250-1500 |h [electronic resource] / |c edited by Karen Green, Constant Mews. |
| 260 | |a Dordrecht : |b Springer Netherlands, |c 2011. | ||
| 300 | |b digital. | ||
| 490 | 0 | |a The New Synthese Historical Library ; |v 69 | |
| 650 | 0 | |a Philosophy (General). | |
| 650 | 0 | |a Ethics. | |
| 650 | 0 | |a Philosophy, medieval. | |
| 650 | 0 | |a Religion (General). | |
| 650 | 0 | |a Political science. | |
| 650 | 1 | 4 | |a Philosophy. |
| 650 | 2 | 4 | |a Medieval Philosophy. |
| 650 | 2 | 4 | |a Political Science. |
| 650 | 2 | 4 | |a Religious Studies. |
| 650 | 2 | 4 | |a Ethics. |
| 650 | 2 | 4 | |a History of Philosophy. |
| 700 | 1 | |a Mews, Constant. | |
| 710 | 2 | |a SpringerLink (Online service) | |
| 773 | 0 | |t Springer eBooks | |
| 776 | 0 | 8 | |i Printed edition: |z 9789400705289 |
| 830 | 0 | |a The New Synthese Historical Library ; |v 69 | |
| 856 | 4 | 0 | |u http://dx.doi.org/10.1007/978-94-007-0529-6 |
| 908 | |a 121203 | ||
| 912 | |a ZDB-2-SHU | ||
| 942 | 0 | 0 | |c EB |
| 950 | |a Humanities, Social Sciences and Law (Springer-11648) | ||
| 999 | |c 48554 |d 48554 | ||